| 000 | 00689nam a2200265Ia 4500 | ||
|---|---|---|---|
| 005 | 20260121172652.0 | ||
| 008 | 008 260114s9999 xx 000 0 eng d | ||
| 020 | _a9783030765149 | ||
| 037 | _aEBOOK | ||
| 040 | _aCRL | ||
| 040 | _beng | ||
| 040 | _cCRL | ||
| 041 | _2eng | ||
| 041 | _aeng | ||
| 084 | _qCRL | ||
| 100 |
_aJuan Francisco Palma Carvajal _91091271 |
||
| 245 | 0 | _aAdvocacy NGOs and the Neoliberal Pacification of the Demands of the Street | |
| 260 | _bSpringer | ||
| 260 | _bSpringer | ||
| 260 | _c2021 | ||
| 856 | _uhttps://link.springer.com/openurl?genre=book&isbn=978-3-030-76514-9 | ||
| 942 | _cEBOOK | ||
| 999 |
_c1657011 _d1657011 |
||